Harry Potter Characters by First Names Quiz Stats

 Plays Quiz Updated Jun 7, 2019

Score 0/24 Timer 05:00
3 Plays Today
% Correct
TOM Riddle
92.4%
MOLLY Weasley
92.4%
VIKTOR Krum
92%
DOLORES Umbridge
91.6%
MINERVA McGonagall
91.4%
RUBEUS Hagrid
91.2%
NYMPHADORA Tonks
90.7%
REMUS Lupin
90.6%
GILDEROY Lockhart
89.3%
PETER Pettigrew
88.7%
ALASTOR 'Mad-Eye'
Moody
87.3%
ARGUS Filch
87.2%
% Correct
SYBILL Trelawney
85.9%
CORNELIUS Fudge
85.6%
OLIVER Wood
83.2%
QUIRINUS Quirrell
82.9%
OLYMPE Maxime
79.6%
FILIUS Flitwick
77%
GARRICK Ollivander
73.4%
POMONA Sprout
73.2%
ROLANDA Hooch
73.2%
POPPY Pomfrey
72.9%
VINCENT Crabbe
72.4%
GREGORY Goyle
70.2%

You're not logged in!

Compare scores with friends on all Sporcle quizzes.
OR
Log In

Sporcle TV

Today on Sporcle TV


Watch our educational content, quiz creation guides, and fun videos on Sporcle TV.

Show Comments

Extras

Top Quizzes Today


Score Distribution

Your Account Isn't Verified!

In order to create a playlist on Sporcle, you need to verify the email address you used during registration. Go to your Sporcle Settings to finish the process.

Report this User

Report this user for behavior that violates our Community Guidelines.

Details: